Logo Biblioteca

Diccionario de sinónimos y antónimos : (Registro nro. 617)

Detalles MARC
000 -LEADER
fixed length control field 00615nam a22001937a 4500
003 - CONTROL NUMBER IDENTIFIER
control field AR-RoUNCS
005 - DATE AND TIME OF LATEST TRANSACTION
control field 20250925113235.0
008 - FIXED-LENGTH DATA ELEMENTS--GENERAL INFORMATION
fixed length control field 250925t2005 mx |||||r|||| 001 0 spa d
020 ## - INTERNATIONAL STANDARD BOOK NUMBER
International Standard Book Number 970-22-0027-X
040 ## - CATALOGING SOURCE
Transcribing agency AR-RoUNCS
Original cataloging agency AR-RoUNCS
080 ## - UNIVERSAL DECIMAL CLASSIFICATION NUMBER
Authority record control number or standard number (038)=134.2'373.4
100 1# - MAIN ENTRY--PERSONAL NAME
Personal name Alboukrek, Aarón.
245 10 - TITLE STATEMENT
Title Diccionario de sinónimos y antónimos :
Remainder of title Larousse /
Statement of responsibility, etc. Aarón Alboukrek, Gloria Fuentes Sáenz.
260 ## - PUBLICATION, DISTRIBUTION, ETC.
Place of publication, distribution, etc. México D.F. :
Name of publisher, distributor, etc. Larousse,
Date of publication, distribution, etc. c2005.
300 ## - PHYSICAL DESCRIPTION
Extent 295 p. ;
Dimensions 18 cm.
650 #4 - SUBJECT ADDED ENTRY--TOPICAL TERM
Topical term or geographic name entry element ESPAÑOL
Form subdivision DICCIONARIOS
General subdivision SINÓNIMOS
-- ANTÓNIMOS
700 1# - ADDED ENTRY--PERSONAL NAME
Personal name Fuentes Sáenz, Gloria.
942 ## - ADDED ENTRY ELEMENTS (KOHA)
Source of classification or shelving scheme Universal Decimal Classification
Koha item type Obra General
Suppress in OPAC No
Existencias
Withdrawn status Lost status Source of classification or shelving scheme Damaged status Not for loan Collection Home library Current library Date acquired Source of acquisition Total checkouts Full call number Barcode Date last seen Price effective from Koha item type
    Universal Decimal Classification     Colección de Referencia Biblioteca Escuela de Ciencias Sociales Biblioteca Escuela de Ciencias Sociales 25/09/2025 Donación 2023   (038)=134.2'373.4 D545 000674 25/09/2025 25/09/2025 Obra General
Biblioteca de la Escuela Preuniversitaria en Ciencias Sociales y Humanísticas.
Riobamba 250 bis.
CP 2000 - Rosario - Santa Fe
E-Mail: biblioteca@esociales.unr.edu.ar